Central Library OPAC University of Rajshahi

Progress, coexistence, and intellectual freedom / (Record no. 24187)

MARC details
000 -LEADER
fixed length control field 00885nam a2200229 a 4500
001 - CONTROL NUMBER
control field 24187
003 - CONTROL NUMBER IDENTIFIER
rucl marc code BD-RjUL
005 - DATE AND TIME OF LATEST TRANSACTION
control field 20211209001023.0
008 - FIXED-LENGTH DATA ELEMENTS--GENERAL INFORMATION
fixed length control field 140312r19691968enk 000 0 eng
035 ## - SYSTEM CONTROL NUMBER
System control number (BD-RjUL)24253
040 ## - CATALOGING SOURCE
Original cataloging agency UkOxU
Language of cataloging eng
Transcribing agency BD-RjUL
Modifying agency BD-RjUL
041 1# - LANGUAGE CODE
Language code of text/sound track or separate title engrus
082 04 - DEWEY DECIMAL CLASSIFICATION NUMBER
Edition number 18
Classification number 901.9
Author mark and year SAP 1982
100 1# - MAIN ENTRY--PERSONAL NAME
Personal name Sakharov, Andreĭ,
Dates associated with a name 1921-1989
9 (RLIN) 74509
245 10 - TITLE STATEMENT
Title Progress, coexistence, and intellectual freedom /
Statement of responsibility, etc. by Andrei D. Sakharov ; translated [from the Russian MS.] by The New York Times, with introduction, afterword, and notes by Harrison E. Salisbury.
260 ## - PUBLICATION, DISTRIBUTION, ETC. (IMPRINT)
Place of publication, distribution, etc. Harmondsworth :
Name of publisher, distributor, etc. Penguin,
Date of publication, distribution, etc. 1982.
300 ## - PHYSICAL DESCRIPTION
Pagination 137 p. ;
Size 18 cm.
500 ## - GENERAL NOTE
General note Originally published in the New York Times, July 22, 1968.
650 #0 - SUBJECT ADDED ENTRY--TOPICAL TERM
Topical term or geographic name as entry element Human rights
Geographic subdivision Soviet Union.
9 (RLIN) 74510
700 1# - ADDED ENTRY--PERSONAL NAME
Personal name Salisbury, Harrison E.
Fuller form of name (Harrison Evans),
Dates associated with a name 1908-1993
942 ## - ADDED ENTRY ELEMENTS (KOHA)
Source of classification or shelving scheme Dewey Decimal Classification
Koha item type Books
Holdings
Lost status Source of classification or shelving scheme Damaged status Not for loan Permanent Location Current Location Shelving location Date acquired Source of acquisition Cost, normal purchase price Total Checkouts Full call number Date last seen Copy number Koha item type
  Dewey Decimal Classification   Added to bundle Central Library, University of Rajshahi Central Library, University of Rajshahi Reading Room 07/10/1988 U. P. L 153.75   901.9 SAP 1982 12/03/2014 C-1 Books